000 00431nam a22001697a 4500
005 20251108165241.0
008 250721s1998 xx 000 0 ara d
082 1 4 _a613.2/عاي
100 1 _aالرواجبة، عايدة
245 1 0 _aالدواء في الغذاء /
264 _bدار ميرزا،
_c1998.
300 _a114ص
650 1 7 _aالأغذية
650 1 7 _aالصحة
942 _2ddc
_cBK
999 _c23247
_d23247